Statistics for Doubly Landlocked US States

Click here to take the quiz!

General Stats

  • This quiz has been taken 31 times
  • The average score is 9 of 10

Answer Stats

Answer% Correct
Utah
100%
Colorado
97%
Wyoming
97%
Iowa
93%
Kansas
93%
Missouri
93%
Illinois
87%
South Dakota
87%
Indiana
83%
Wisconsin
63%

Score Distribution

Percentile by Number Answered

Percent of People with Each Score

Your Score History

You have not taken this quiz